000 00739nam a22001937a 4500
005 20251108165540.0
008 250721s9999 xx 000 0 ara d
082 1 4 _aط/609/لوت
100 1 _aلوت، ف
245 1 0 _aالتحرك على وسادة من هواء :
_bالمجهر في سيطرته على المتناهي المصغر؛ ميزان الضغط /
264 1 _aبيروت :
_bمنشورات مكتبة سمير،
_c[19-].
300 _a12ص:مص
490 0 _aمن كل علم خبر خبر ؛ التقنيه تقوم باولى تحدياتها الكبرى ؛9
650 1 7 _aالإختراعات
650 1 7 _aالتاريخ
700 1 _aسماحه، سهيل
_eترجمة
942 _2ddc
_cBK
999 _c30525
_d30525